|
|
|
|
| LEADER |
01399nam a2200337 a 4500 |
| 001 |
16913756 |
| 008 |
120502s2012 enk b 001 0 eng |
| 010 |
|
|
|a 2011033723
|
| 020 |
|
|
|a 9780415592048
|
| 020 |
|
|
|a 9780415592055 (pbk.)
|
| 020 |
|
|
|a 9780203128121 (ebook)
|
| 040 |
|
|
|a DLC
|c DLC
|d BD-DhAAL
|
| 042 |
|
|
|a pcc
|
| 050 |
0 |
0 |
|a P129
|b B46 2012
|
| 082 |
0 |
0 |
|a 306.44
|2 23
|
| 100 |
1 |
|
|a Block, David,
|d 1956-
|
| 245 |
1 |
0 |
|a Neoliberalism and applied linguistics /
|c David Block, John Gray, Marnie Holborow.
|
| 260 |
|
|
|a Milton Park, Abingdon, Oxon ;
|a New York :
|b Routledge,
|c 2012.
|
| 300 |
|
|
|a 168 p. :
|c 24 cm.
|
| 504 |
|
|
|a Includes bibliographical references and index.
|
| 541 |
|
|
|e 00025075
|
| 650 |
|
0 |
|a Applied linguistics.
|
| 650 |
|
0 |
|a Language and languages
|x Study and teaching.
|
| 650 |
|
0 |
|a Neoliberalism
|x Social aspects.
|
| 650 |
|
0 |
|a Globalization.
|
| 700 |
1 |
|
|a Gray, John,
|d 1955-
|
| 700 |
1 |
|
|a Holborow, Marnie.
|
| 852 |
1 |
|
|a Ayesha Abed Library
|c General shelf.
|
| 999 |
|
|
|c 12133
|d 12133
|
| 952 |
|
|
|0 0
|1 0
|2 ddc
|4 0
|6 306_440000000000000_BLO
|7 0
|9 20135
|a BRACUL
|b BRACUL
|c GEN
|d 2012-04-28
|e karim International
|g 3500.00
|l 1
|o 306.44 BLO
|p 3010025075
|r 2019-11-20
|s 2019-11-14
|t 1
|w 2012-05-03
|y BK
|
| 952 |
|
|
|0 0
|1 0
|2 ddc
|4 0
|6 306_440000000000000_BLO
|7 0
|9 20136
|a BRACUL
|b BRACUL
|c GEN
|d 2012-04-28
|e karim International
|g 3500.00
|l 2
|o 306.44 BLO
|p 3010025076
|r 2014-12-21
|s 2014-09-28
|t 2
|w 2012-05-03
|y BK
|